01756cam a2200337 a 45000010005000000030006000050050017000110080041000280100017000690200044000860200018001300200041001480200025001890400023002140410013002370500030002500820017002801000032002972450096003292500032004252600039004573000028004965200665005246500029011896500041012186500039012596500036012986510021013346550028013557000035013832922FISKH20240123153054.0100810s2011 nyu 000 1 eng  a 2010032941 a9781451621747 (trade pbk. : alk. paper) a9780007421565 a1451621744 (trade pbk. : alk. paper) a9781451621754 (ebk.) aDLCcDLCdDLCbeng1 aenghswe00aPT9877.22.A34bI8713 201100a839.73/82221 aLäckberg, Camilla,d1974-14aThe ice princess /cCamilla Läckberg ; translated [from the Swedish] by Steven T. Murray. aThis paperback edition 2011 aLondon : bHarper Collins, c2007  a393, 10 pages :c18 cm  aReturning to her hometown after the funeral of her parents, writer Erica Falck finds a community on the brink of tragedy. The death of her childhood friend, Alex, is just the beginning. Her wrists slashed, her body frozen in an ice cold bath, it seems that she has taken her own life. Erica conceives a memoir about the beautiful but remote Alex, one that will answer questions about their lost friendship. While her interest grows to an obsession, local detective Patrik Hedstrom is following his own suspicions about the case. But it is only when they start working together that the truth begins to emerge about the small town with a deeply disturbing past. 0aPolicezSwedenvFiction. 0aCity and town lifezSwedenvFiction. 0aFishing villageszSwedenvFiction. 0aMurderxInvestigationvFiction. 0aSwedenvFiction. 7aMystery fiction.2gsafd1 aMurray, Steven T.eTranslator